Coming home : stories from the Northwest Territories /

Bibliographic Details
Format: Book
Language:English
Published: Winnipeg : Enfield & Wizenty, [2012]
Subjects:

MARC

Tag First Indicator Second Indicator Subfields
LEADER 00000cam a2200000 a 4500
001 in00002786725
005 20151202171635.0
008 121019s2012 mbcc 000 1 eng
010 |a  2012451369 
020 |a 9781926531274 
020 |a 1926531272 
035 |a (OCoLC)ocn799130118 
035 |a (OCoLC)799130118 
040 |a NLC  |b eng  |c NLC  |d DLC  |d UtOrBLW 
049 |a TXAM 
050 0 0 |a PR9198.2.N6  |b C65 2012 
055 0 |a PS8255 N57  |b C66 2012 
082 0 0 |a C810/.8097193  |2 23 
245 0 0 |a Coming home :  |b stories from the Northwest Territories /  |c foreword by Richard Van Camp. 
264 1 |a Winnipeg :  |b Enfield & Wizenty,  |c [2012] 
264 4 |c ©2012 
300 |a 148 pages :  |b portraits ;  |c 22 cm. 
336 |a text  |b txt  |2 rdacontent 
337 |a unmediated  |b n  |2 rdamedia 
338 |a volume  |b nc  |2 rdacarrier 
650 0 |a Canadian literature  |z Northwest Territories. 
650 0 |a Canadian literature  |y 21st century. 
945 |a PromptCat  |b 115748 
946 |a stk 
947 |a A14836011955 
948 |a cataloged  |b h  |c 2012/12/21  |d c  |e dmitchel  |f 9:50:30 am 
994 |a C0  |b TXA 
999 |a MARS 
999 f f |s 96d72f17-5b75-3d2a-bbe7-a46950843146  |i 3c8794ae-ef5e-3bd5-bfa4-2b91bec6d471  |t 0 
952 f f |p normal  |a Texas A&M University  |b College Station  |c Sterling C. Evans Library  |d Evans: Library Stacks  |t 0  |e PR9198.2.N6 C65 2012  |h Library of Congress classification  |i unmediated -- volume  |m A14836011955 
998 f f |a PR9198.2.N6 C65 2012  |t 0  |l Evans: Library Stacks